| 000 | 01232cam a2200217 4500 | ||
|---|---|---|---|
| 001 | ABS61808 | ||
| 008 | 000000n2000 000 0 eng u | ||
| 035 | _a(Sirsi) u103696 | ||
| 245 | _aTarget Home Loans v Iza Ltd | ||
| 260 | _c2000 | ||
| 490 |
_aEstates Gazette _v[2000] 02 EG 117-124(8) |
||
| 520 | _aCentral London County Court, 31 March 1999. Applicant mortgagee, T, held a charge by way of a mortgage on a lease of a maisonette, the reversion which was owned by the respondent landlord, I. In 1990 T obtained a possession order against the lessess for mortgage arrears and by October 1997 had gained possession of the premises. I's solicitor then served a notice requiring repairs to be carried out on the property. In 1998, I claimed to have forfeited the lease by peaceable re-entry, relying on failure to pay ground rent and service charges. "Held" mortgagee entitled to relief from forfeiture upon payment of rent arrears and service charges. | ||
| 590 | _aABS | ||
| 650 | _aTARGET HOME LOANS LTD V IZA LTD | ||
| 650 | _aMORTGAGE ARREARS | ||
| 650 | _aFORFEITURE | ||
| 650 | _aLEASEHOLD PROPERTY (REPAIRS) ACT 1938 | ||
| 650 | _aPOSSESSION | ||
| 690 | _aLANDLORD AND TENANT-CASE LAW-LEASES | ||
| 942 | _n0 | ||
| 999 |
_c62272 _d62272 |
||